La interdisciplina en las ciencias sociales.

Gespeichert in:
Bibliographische Detailangaben
1. Verfasser: Rosales Ortega, Rocío coord, (autor)
Weitere Verfasser: Torres Franco, José Luis coord (autor) coord, (autor), Gutiérrez Ramírez, Servando coord (autor) coord, (autor)
Format: Buch
Sprache:Spanisch
Schriftenreihe:(Cuadernos A. Temas de Innovación Social; 21)
Schlagworte:
Tags: Tag hinzufügen
Keine Tags, Fügen Sie das erste Tag hinzu!

MARC

LEADER 00000nam^a2200000^u^4500
001 000521991
005 20250521000000.0
008 120613s1000^^^^^^^^^^^^r^^^^^000^0^spa^d
009 20260310130533.261
022 |a 8476587678 
035 |a FCE 000066232 
037 |a Acervo ITESO - Biblioteca 
041 |a spa 
082 0 4 |a 303  |b ROSi 
100 |a Rosales Ortega, Rocío  |e coord  |e (autor) 
245 1 0 |a La interdisciplina en las ciencias sociales. 
264 |a España:  |b Anthropos: UAM,  |c 2006. 
300 |a 159 p. 
336 |a texto  |b txt  |2 rdacontenido 
337 |a sin mediación  |b n  |2 rdamedio 
338 |a volumen  |b nc  |2 rdasoporte 
440 1 |a (Cuadernos A. Temas de Innovación Social; 21) 
649 |a XX 
650 |a Ciencias sociales 
650 |a Filosofía 
650 |a Interdisciplinariedad 
650 |a Humanidades 
700 |a Torres Franco, José Luis  |e coord  |e (autor) 
700 |a Gutiérrez Ramírez, Servando  |e coord  |e (autor) 
910 |a Fondo Centro de Estudios Educativos 
920 |a Impresos - Libros 
930 |a Fondos Especiales 
905 |a 133 
901 |a ALE071929  |b IT2  |c CEE  |u 20250521 
902 |a https://opac.biblio.iteso.mx/vufind/Record/000521991